000 00762cam a2200205 4500
001 ABS61432
008 000000n1999 000 0 eng u
035 _a(Sirsi) u100528
100 _aDennis, S.
245 4 _aThe APC structured training framework
260 _c1999
490 _aCSM (Chartered Surveyor Monthly)
_v9(2) October 1999, 36(1)
520 _aThe RICS is promoting structured learning as a way of helping APC candidates gain relevant experience. Reports that reaction to the scheme is positive. Lists contact details for regional training advisors.
590 _aABS
650 _aAPC
_96216
650 _aCAREERS, EDUCATION AND TRAINING
650 _aRICS
690 _aMANAGEMENT-BUSINESS MANAGEMENT-PROFESSIONAL PRACTICE
942 _n0
999 _c60137
_d60137